Tragédia s južným a severským pólom Jubileum herečky Evy Kristínovej

Podrobná bibliografia
Hlavný autor: Čavojský, Ladislav, 1932-2014 (Autor)
Médium: Článok
Jazyk:slovenčina
Fyzický popis:Fot. 1.
Predmet:

MARC

LEADER 00000nab a2200000 a 4500
001 vtls000329165
003 SK-MaSNL
005 20260303204840.0
008 160215c1988 xo 0 slo
015 |a SNBRB19rr/mm-uuuuu 
035 |a CL0329287 
040 |a SNKBUCL  |b slo  |c SNKBUCL  |e AACR2 
041 0 |a slo 
044 |a xo  |c SK 
080 |a 792.071.2  |2 1981 
080 |a 791.44.071.2  |2 1981 
080 |a 929 Kristínová, Eva  |2 1981 
100 1 |a Čavojský, Ladislav,  |d 1932-2014  |4 aut  |9 101804 
245 1 0 |a Tragédia s južným a severským pólom  |b Jubileum herečky Evy Kristínovej  |c Ladislav Čavojský 
300 |b Fot. 1. 
600 1 7 |a Kristinová, Eva,  |d 1928-2020  |2 snkbucl  |9 201231 
655 7 |a články z novín a časopisov  |2 snkbucl  |9 267496 
773 0 |t Práca  |g Roč. 43, č. 184 (6. 8. 1988), s. 6 
850 |a Slovenská národná knižnica v Martine  |a MTA001 
852 |a SNK  |b KIS3GCP 
958 |a BX 
958 |a RK 
992 |a RBX 
999 |c 2192149  |d 2194079